00466nam a2200121Ia 4500008004100000082001400041100002800055245007000083260004500153365000600198630007000204730007000274100415s9999 xx 000 0 und d b2220a572 aOsborn Henry Fairfield aMan Rises to Parnassus : Critical Epochs in the Prehistory of Man aLONDONc1928bPRINCETON UNIVERSITY PRESS b0 aMan Rises to Parnassus : Critical Epochs in the Prehistory of Man aMan Rises to Parnassus : Critical Epochs in the Prehistory of Man